Представление документа в формате MARC21

Поле Инд. ПП Название Значение
Тип записи a
Библиографический уровень b
001 Контрольный номер 7785115e35dd4f4d9d5cb3ad2c0dfddc
005 Дата корректировки 20250109151309.2
080 a Индекс УДК 378.4(470.331):378-054.6
097 b Оператор *Плё*
100 1_ a Автор Абу-Абед Ф.Н.
245 10 a Заглавие Этапы становления и современная деятельность факультета международного академического сотрудничества ТвГТУ
p Название части/ раздела Текст : электронный
b Продолж. заглавия статья
260 a Место издания Тверь
b Издательство ТвГТУ
c Дата издания 2024
520 0_ a Аннотация Описаны этапы становления факультета международного академического сотрудничества (ФМАС) Тверского государственного технического университета. Представлены перспективные направления деятельности ФМАС на современном этапе. Отражена актуальная статистика подготовки иностранных специалистов в вузе. Отмечена активная учебно-воспитательная работа ФМАС по социально-культурной адаптации обучающихся, приехавших из-за рубежа, а также серьезная учебнометодическая работа, обеспечивающая иностранцам возможность осуществления учебной деятельности на русском языке и общения в профессиональной и социально-культурной среде.
653 0_ a Ключевые слова Академическое сотрудничество
a Ключевые слова Иностранные студенты
a Ключевые слова Функции факультета
a Ключевые слова Международная деятельность
700 12 a Другие авторы Нефедьева В.С.
773 18 w Контрольный № источника c4e9939318e24bb2b11a4700379ef408
t Название источника Обучение иностранцев в вузе и на этапе довузовской подготовки: тенденции и инновации
d Место и дата издания Тверь : ТвГТУ, 2024
z ISBN 978-5-7995-1354-2
g Прочая информация С. 13-17
900 a Имя макрообъекта 001-000161745-000000000-0000-0000-01
901 t Тип документа a
950 a Редактор записи вш
951 i EL-ТГТУ? да